Francuscy filozofowie - nagła śmierć - Statystyki

Ogólne statystyki
  • Ten quiz został rozwiązany 96 razy
  • Średni wynik to 12 z 15
Answers on the Grid
Answers color-coded by a green-red scale on the quiz's grid according to % correct below.
Kartezjusz
Monteskiusz
Blaise Pascal
Jean Paul Sartre
Auguste Comte
Julien Offray de La Mettrie
Wolter
Jacques Maritain
Jean-François Lyotard
Jacques Lacan
Jacques Derrida
Jean-Jacques Rousseau
Albert Camus
Emmanuel Mounier
Henri Bergson
Friedrich Nietzsche
John Locke
Epikur
Niccolò Machiavelli
Søren Kierkegaard
Plotyn
Thomas Hobbes
David Hume
George Berkeley
Immanuel Kant
 
Statystyki odpowiedzi
Odpowiedź % Poprawnych
Jean-Jacques Rousseau
91%
Jean-François Lyotard
89%
Jean Paul Sartre
89%
Jacques Lacan
88%
Julien Offray de La Mettrie
88%
Jacques Maritain
84%
Emmanuel Mounier
83%
Jacques Derrida
83%
Blaise Pascal
81%
Albert Camus
80%
Auguste Comte
77%
Monteskiusz
77%
Wolter
70%
Kartezjusz
59%
Henri Bergson
56%
Nie znaleziono quizów pasujących do podanych kryteriów
Rozkład punktacji
Procent ludzi z każdym wynikiem
Percentyl według liczby udzielonych odpowiedzi
Twoja historia wyników
Nie rozwiązałeś tego quizu